<?xml version="1.0" encoding="UTF-8"?>
<collection xmlns="http://www.loc.gov/MARC21/slim">
 <record>
  <leader>01605nam a2200217 a 4500</leader>
  <controlfield tag="001">TVCDKTCT5729</controlfield>
  <controlfield tag="003">Thư viện trường Cao đẳng Kỹ thuật Cao Thắng</controlfield>
  <controlfield tag="005">20060727000000</controlfield>
  <controlfield tag="008">060727</controlfield>
  <datafield tag="980" ind1="\" ind2="\">
   <subfield code="a">Thư viện Trường CĐ Kỹ Thuật Cao Thắng</subfield>
  </datafield>
  <datafield tag="024" ind1=" " ind2=" ">
   <subfield code="a">RG_1 #1 eb0 i1</subfield>
  </datafield>
  <datafield tag="041" ind1="0" ind2="#">
   <subfield code="a">vie</subfield>
  </datafield>
  <datafield tag="082" ind1="#" ind2="#">
   <subfield code="a">780.78 / </subfield>
   <subfield code="b">M558N-ph</subfield>
  </datafield>
  <datafield tag="100" ind1="1" ind2="#">
   <subfield code="a">Phương Lập Bình</subfield>
  </datafield>
  <datafield tag="245" ind1="0" ind2="0">
   <subfield code="a">10 nhà âm nhạc lớn thế giới /</subfield>
   <subfield code="c">Phương Lập Bình, Phong Đảo</subfield>
  </datafield>
  <datafield tag="250" ind1="#" ind2="#">
   <subfield code="a">In lần thứ 1</subfield>
  </datafield>
  <datafield tag="260" ind1="#" ind2="#">
   <subfield code="a">H. :</subfield>
   <subfield code="b">Văn hóa thông tin ,</subfield>
   <subfield code="c">2003</subfield>
  </datafield>
  <datafield tag="300" ind1="#" ind2="#">
   <subfield code="a">297tr. ;</subfield>
   <subfield code="c">19cm</subfield>
  </datafield>
  <datafield tag="520" ind1="#" ind2="#">
   <subfield code="a">Ngày nay đời sống con người được nâng cao dẫn đến nhu cầu giải trí càng tăng. Đặc biệt trong lĩnh vực âm nhạc, nó mang lại cho người nghe cảm giác thoải mái, thư giãn những lúc mệt mỏi hay căng thẳng....Đặc biệt những tác phẩm đã được lưu truyền như một di sản quý báu luôn được trân trọng tron lịch sử. Những món quà mà chúng ta được thưởng thức trong cuộc sống đó có khi nào bạn đặc dấu hỏi về những người đã sáng tác ra nó  ? Cuốn sách &quot; 10 nhà âm nhạc lớn thế giới &quot; sẽ giúp bạn hiểu rõ hơn về cuộc đời và sự nghiệp của nhà âm nhạc lớn trên thế giới.</subfield>
  </datafield>
  <datafield tag="650" ind1="#" ind2="4">
   <subfield code="a">Âm nhạc--Danh nhân</subfield>
  </datafield>
  <datafield tag="700" ind1="0" ind2="#">
   <subfield code="a">Phong Đảo, </subfield>
   <subfield code="e">Tác giả</subfield>
  </datafield>
 </record>
</collection>
